banner-ar

القاهرة منتصف القرن التاسع عشر / (Record no. 64829)

MARC details
000 -الفاتح
حقل البيانات ثابتة الطول 01131nam a22002537a 4500
005 - وقت وتاريخ اخر تعامل مع التسجيلة
رقم الضبط 20240530110753.0
008 - عناصر البيانات ثابتة الطول - معلومات عامة
حقل البيانات ثابتة الطول 181218s2017 ua bh f b 00| 0 ara d
017 ## - رقم الايداع القانونى
رقم الايداع القانونى 2017/15131
المصدر ( الهيئة المختصة) مصر. دار الكتب
020 ## - الرقم الدولى المعيارى للكتب
الرقم الدولى المعيارى للكتاب 9789777951333
040 ## - مصدر الفهرسة
وكالة الفهرسة الأصلية EG-CaGPL
وكالة النسخ EG-CaGPL
082 04 - رقم تصنيف ديوى العشرى
رقم الطبعة 21
رقم التصنيف 916.216 /
رقم المادة ق/ل ق
100 1# - المدخل الرئيسى - إسم شخصى
الإسم الشخصى لين، ادوارد وليم
245 12 - بيان العنوان
العنوان القاهرة منتصف القرن التاسع عشر /
بيان المسئوليه,etc ادوارد وليم لين ؛ تقديم واعداد ستانلى لين بول ؛ ترجمة وححققة وعلق علية احمد سالم سالم
250 ## - بيان الطبعة
بيان الطبعة ط.1
260 ## - PUBLICATION, DISTRIBUTION, ETC. (IMPRINT)
تاريخ النشر أو التوزيع 2017.
300 ## - الوصف المادى
التعداد 333 ص. :
تفاصيل ماديه اخرى للوعاء ايض ؛
أبعاد الوعاء 24 سم.
504 ## - تبصرة ببليوجرافية
تبصرة ببليوجرافية,الخ يشتمل على ارجاعات ببليوجرافية
651 07 - المدخل الاضافى بالموضوع - اسم جغرافى
مصدر الرأس أو المصطلح qrmak
الاسم الجغرافي القاهرة
التقسيم الفرعي العام وصف ورحلات
651 07 - المدخل الاضافى بالموضوع - اسم جغرافى
مصدر الرأس أو المصطلح qrmak
الاسم الجغرافي القاهرة
التقسيم الفرعي الشكلي صور
700 1# - المدخل الاضافى - اسم شخصى
الإسم الشخصى بول، ستانلى لين
الدور مقدم ومعد
700 0# - المدخل الاضافى - اسم شخصى
الإسم الشخصى احمد سالم سالم
الدور مترجم ومحقق ومعلق
942 ## - عناصر المدخل الإضافي( كوها)
مصدر التصنيف او مخطط الترفيف Dewey Decimal Classification
Koha [default] item type كتاب
260 ## - PUBLICATION, DISTRIBUTION, ETC. (IMPRINT)
-- القاهرة :
-- الدار المصرية اللبنانية ،
Holdings
حالة التراجع حالة الفقد حالة تلف ليس للاعارة المكان المؤقت الموقع الحالى موقع الترفيف تاريخ الاكتساب اجمالي اﻻعارات رقم الطلب الباركود تاريخ اخر مشاهدة تاريخ تفعيل السعر نوع وعاء كوها
        مكتبة القاهرة الكبرى مكتبة القاهرة الكبرى   12/18/2018   916.216 / ق/ل ق 165339 12/18/2018 12/18/2018 كتاب

Powered By

EGPV